15 Categories: Letter 'X' Blitz Quiz Stats

 Plays Quiz Updated May 16, 2020

Support Sporcle.
Go Orange.
Score 0/15 Timer 01:00
0 Plays Today
Hint Answer % Correct
Gaming ConsoleXbox
90.4%
Abbreviation for ChristmasXmas
89%
Orchestra instrumentXylophone
86%
Marvel Comics superheroesX-Men
84.9%
Warrior PrincessXena
84%
U.S. copying companyXerox
84%
Irrational fear of strangersXenophobia
74.4%
Spanish saint or U.S. Jesuit universityXavier
68.7%
Hint Answer % Correct
Vin Diesel moviexXx
68.3%
ElementXenon
65.9%
Chinese city (formerly Sian)Xi'an
55.7%
Persian rulerXerxes
54.1%
Location in Coleridge poem (or Olivia Newton-John movie)Xanadu
51.9%
Buffy characterXander
37.5%
____ Alonso (2010 FIFA World Cup winning team member)Xabi
31.4%

You're not logged in!

Compare scores with friends on all Sporcle quizzes.
OR
Log In

From the Vault

2000s Baseball Timeline Picture Click

by skipster73

Can timelines also curve? Is that why clocks are round?
Remove Ads.
Support Sporcle.
Get the best of Sporcle when you Go Orange. This ad-free experience offers more features, more stats, and more fun while also helping to support Sporcle. Thank you for becoming a member.

Show Comments

Extras

Top Quizzes Today


Score Distribution

Your Account Isn't Verified!

In order to create a playlist on Sporcle, you need to verify the email address you used during registration. Go to your Sporcle Settings to finish the process.

Report this User

Report this user for behavior that violates our Community Guidelines.

Details: